000 01014nam a2200289 i 4500
003 DO-SdBNP
005 20230413153610.0
007 ta
008 230413b1997 dr ab||| |||| 00| 0 spa d
040 _aDO-SdBNP
_bspa
_cBNPHU
_erda
082 4 _222
245 0 0 _aManual técnico del cultivo de pimienta 1997 /
_cFeliciano Andujar...et al. ; introducción Quilvio Cabrera
264 _aSanto Domingo :
_bSecretaría de Estado de Agricultura
_bInstituto Agrario Dominicano,
_c1997.
300 _a86 p. ;
_bilustraciones y mapa ;
_c23 cm.
336 _2rdacontent
_atexto
_btxt
337 _2rdamedia
_asin mediación
_bn
338 _2rdacarrier
_avolumen
_bnc
590 _aInventariado, 2023/BT
700 1 _aAndújar, Feliciano
_91552
700 1 _aPolanco, Antonio
_983254
700 1 _aTejada, César Antonio
_983255
700 1 _aReyes Hernández, Elvi
_983256
700 1 _aAlcequiez Martínez, Horacio
_983257
700 1 _aCabrera Quilvio,
_eintroducciWn
_983258
910 _aBtavárez
942 _2ddc
_cLBS1
999 _c53245
_d53245